Programme and progress (Record no. 496779)

000 -LEADER
fixed length control field 00318cam a22001097a 4500
008 - FIXED-LENGTH DATA ELEMENTS--GENERAL INFORMATION
fixed length control field 180718b1977 xxu||||| |||| 00| 0 eng d
082 ## - DEWEY DECIMAL CLASSIFICATION NUMBER
Classification number T000x54 In2pr
100 ## - MAIN ENTRY--PERSONAL NAME
Personal name Kwatra, R.D.
245 ## - TITLE STATEMENT
Title Programme and progress
Statement of responsibility, etc. by R.D. Kwatra
260 ## - PUBLICATION, DISTRIBUTION, ETC.
Place of publication, distribution, etc. New Delhi
Name of publisher, distributor, etc. Ministry of Information And Broadcasting
Date of publication, distribution, etc. 1977
300 ## - PHYSICAL DESCRIPTION
Extent 96p.
Holdings
Withdrawn status Lost status Damaged status Not for loan Permanent Location Current Location Date acquired Full call number Barcode Date last seen Price effective from Koha item type
        Indian Institute of Public Administration Indian Institute of Public Administration 2018-08-04 T000x54 In2pr GG17499 2018-08-04 2018-08-04 GG

Powered by Koha